000 01455cam a2200325 i 4500
001 000553342
003 AM-YeHGA
005 20250617140118.0
008 810112s1980 ne a b 101 0 eng d
020 _a0444802428
040 _aAM-YeHGA
041 0 _aeng
111 2 _aInternational Symposium on the Production and Use of Micro-algae Biomass
_d(1978 :
_cAcre, Israel)
245 1 0 _aAlgae biomass :
_bProduction and use /
_cIn collab. with the National Council for Research and Development, Israel, and the Gesellschaft fur Strahlen- und Umweltforschung (GSF), Munich, Germany ; Editors : Gedaliah Shelef, Carl J. Soeder ; Technical editorial a assistance provided by Miriam Balaban.
260 _aAmsterdam ;
_aNew York :
_bElsevier/North-Holland Biomedical Press,
_c1980.
300 _axvii, 852 p. :
_bill. ;
_c25 cm.
500 _a"Papers written or revised and updated to 1980 of lectures presented ... September 17-22, 1978."
500 _aIncludes some papers by non-participants.
504 _aIncludes bibliogr. references and index.
650 1 4 _aAlgae culture
_xCongresses
650 1 4 _aAlgae products
_xCongresses
650 1 4 _aPlant biomass
_xCongresses
700 1 _aShelef, G.
_4edt
700 1 _aSoeder, Carl J.
_4edt
700 1 _aBalaban, Miriam.
_4edt
710 2 _aMoatsah ha-leumit le-mehkar ule-fituah (Israel)
710 2 _aGesellschaft fur Strahlen- und Umweltforschung.
942 _2udc
_cBK
090 _c215188
999 _c213673
_d213673